000 00687nab a2200193 4500
001 244442
003 OSt
005 20251015080257.0
007 tu
008 200917s2020|||||||
040 _aDE-2950
_cDE-2950
245 0 0 _aAusbau läuft auf Hochtouren
_bInvestition. Die Gedenkstätten-Erweiterung in Frankfurt stand anfangs auf finanziell wackligen Füßen. Inzwischen geht das Bauprojekt auf die Zielgerade. Was Besucher künftig erwartet/
_cThomas Gutke
264 _c2025
653 _aFrankfurt (Oder)
653 _aGedenkstätte
653 _aErweiterungsbau
773 0 _g36. Jahrgang (2025) Nr. 233 vom 07.10.2025, S. 13 mit Foto
_tMärkische Oderzeitung
942 _2z
_cA
999 _c374057
_d374057